[Event "Minsk Amateur op"]
[Site "Minsk"]
[Date "2018.06.30"]
[Round "8"]
[White "Voloshkin, Daniil"]
[Black "Litvinenko, Alexander"]
[Result "0-1"]
[WhiteElo "1396"]
[BlackElo "1970"]
[PlyCount "106"]
[EventDate "2018.06.25"]
[EventType "swiss"]
[EventRounds "9"]
[EventCountry "BLR"]
[SourceTitle "CBM 185 Extra"]
[Source "ChessBase"]
[SourceDate "2018.07.29"]
[SourceVersion "1"]
[SourceVersionDate "2018.07.29"]
[SourceQuality "1"]

1. Nf3 d5 2. g3 c6 3. Bg2 Nf6 4. 0-0 Bf5 5. d3 h6 6. c4 e6 7. b3 a5 8. Bb2 Be7 9. Nbd2 0-0 10. Qc2 a4 11. Rac1 Na6 12. a3 axb3 13. Nxb3 Nb8 14. Ra1 Nbd7 15. Rfb1 Qc7 16. Rc1 Bh7 17. Nfd2 Nb6 18. cxd5 exd5 19. Nc5 Rfe8 20. Bf1 Nfd7 21. Nxd7 Qxd7 22. Qc3 Bf8 23. Qb3 Na4 24. Rcb1 b5 25. Bc3 d4 26. Bb2 c5 27. Bc1 Nc3 28. Rb2 Nxe2+ 29. Bxe2 Rxe2 30. Qxb5 Qxb5 31. Rxb5 Bxd3 32. Rb6 c4 33. Nf3 Be4 34. Kg2 c3 35. a4 d3 36. Be3 d2 37. Rb3 Rxa4 38. Rxa4 d1Q 39. Rxe4 Qxb3 40. Nd4 Qb7 41. Nxe2 Qxe4+ 42. Kg1 Qd3 43. Nc1 Qc2 44. Kf1 Ba3 45. Ne2 Qd1+ 46. Kg2 Qxe2 47. h3 c2 48. h4 Bc5 49. Bxc5 Qe4+ 50. Kh2 c1Q 51. f3 Qxf3 52. Bg1 Qcf1 53. h5 Q1g2# 0-1

[Event "Minsk Amateur op"]
[Site "Minsk"]
[Date "2018.06.27"]
[Round "4"]
[White "Lashkevich, Andrei"]
[Black "Litvinenko, Alexander"]
[Result "0-1"]
[WhiteElo "1364"]
[BlackElo "1970"]
[PlyCount "97"]
[EventDate "2018.06.25"]
[EventType "swiss"]
[EventRounds "9"]
[EventCountry "BLR"]
[SourceTitle "CBM 185 Extra"]
[Source "ChessBase"]
[SourceDate "2018.07.29"]
[SourceVersion "1"]
[SourceVersionDate "2018.07.29"]
[SourceQuality "1"]

1. e4 d5 2. exd5 Nf6 3. Bb5+ Bd7 4. Bxd7+ Qxd7 5. Nf3 Nxd5 6. 0-0 e6 7. Nc3 Nc6 8. d3 Be7 9. Re1 Bf6 10. Ne4 Be7 11. Qe2 h6 12. a3 Nf6 13. Bd2 Nxe4 14. dxe4 0-0-0 15. Rad1 e5 16. h3 Qe6 17. Be3 g5 18. Rd3 g4 19. hxg4 Qxg4 20. Nd2 Qg6 21. f3 h5 22. Qf2 Rdg8 23. Re2 a6 24. Nf1 h4 25. Nh2 f5 26. exf5 Qxf5 27. Bc5 h3 28. g4 Bh4 29. Qe3 e4 30. fxe4 Rxg4+ 31. Nxg4 Qxg4+ 32. Kh1 Ne5 33. Rc3 Kb8 34. Ba7+ Ka8 35. Bd4 Rf8 36. Bxe5 Rf1+ 37. Kh2 Bg5 38. Qd3 Qg1+ 39. Kxh3 Rf7 40. Qg3 Qf1+ 41. Qg2 Rh7+ 42. Kg4 Qf7 43. Rh3 Qe6+ 44. Kxg5 Qxe5+ 45. Kg4 Qe6+ 46. Kg3 Rg7+ 47. Kf2 Rxg2+ 48. Kxg2 Qg6+ 49. Kf2 0-1

[Event "Minsk Bronstein Memorial op"]
[Site "Minsk"]
[Date "2017.02.18"]
[Round "4"]
[White "Litvinenko, Alexander"]
[Black "Tihonov, Jurij"]
[Result "0-1"]
[WhiteElo "2030"]
[BlackElo "2402"]
[PlyCount "42"]
[EventDate "2017.02.18"]
[EventType "swiss (rapid)"]
[EventRounds "10"]
[EventCountry "BLR"]
[SourceTitle "EXT 2018"]
[Source "ChessBase"]
[SourceDate "2017.10.13"]
[SourceVersion "1"]
[SourceVersionDate "2017.10.13"]
[SourceQuality "1"]

1. d4 d6 2. Bf4 Nf6 3. e3 g6 4. Nf3 Bg7 5. c3 0-0 6. h4 c5 7. h5 Nxh5 8. Rxh5 gxh5 9. Ng5 h6 10. Ne4 e5 11. Bxh6 Bxh6 12. Qxh5 Kg7 13. dxe5 dxe5 14. Qxe5+ f6 15. Qg3+ Kh7 16. Nbd2 Bf5 17. 0-0-0 Nc6 18. Nxc5 Qe7 19. e4 Bg6 20. Ncb3 Qxe4 21. Qc7+ Kh8 0-1

[Event "BLR-ch 1st stage"]
[Site "Minsk"]
[Date "2016.12.08"]
[Round "6"]
[White "Litvinenko, Alexander"]
[Black "Yezhel, Valiantsin"]
[Result "0-1"]
[WhiteElo "2000"]
[BlackElo "2193"]
[PlyCount "92"]
[EventDate "2016.12.03"]
[EventType "swiss"]
[EventRounds "9"]
[EventCountry "BLR"]
[SourceTitle "CBM 176 Extra"]
[Source "ChessBase"]
[SourceDate "2017.03.02"]
[SourceVersion "1"]
[SourceVersionDate "2017.03.02"]
[SourceQuality "1"]

1. d4 f5 2. g3 Nf6 3. Nh3 d6 4. Nf4 e5 5. dxe5 dxe5 6. Qxd8+ Kxd8 7. Nd3 Bd6 8. Bg2 c6 9. 0-0 Be6 10. b3 Nbd7 11. Bb2 Kc7 12. e3 a5 13. Nd2 e4 14. Nf4 Bf7 15. f3 exf3 16. Nxf3 Rhe8 17. Rae1 a4 18. Nd4 axb3 19. axb3 g6 20. Nd3 Bd5 21. Re2 Re7 22. c4 Bxg2 23. Kxg2 Rae8 24. Rfe1 Ng4 25. Kf3 Nde5+ 26. Nxe5 Nxe5+ 27. Kg2 Nd3 28. Rd1 Nxb2 29. Rxb2 Rxe3 30. b4 R3e4 31. c5 Be5 32. Rbd2 Bf6 33. b5 Rd8 34. b6+ Kc8 35. Nb3 Rxd2+ 36. Rxd2 Rb4 37. Rd3 Rc4 38. Re3 Kd7 39. Rd3+ Ke6 40. Rd6+ Ke7 41. Na5 Rxc5 42. Nxb7 Rc2+ 43. Kh3 Be5 44. Rd1 g5 45. Rh1 h5 46. Na5 Kf6 0-1

[Event "BLR-chT"]
[Site "Minsk"]
[Date "2016.04.29"]
[Round "5"]
[White "Teterev, Vitaly"]
[Black "Litvinenko, Alexander"]
[Result "1-0"]
[WhiteElo "2494"]
[BlackElo "2019"]
[PlyCount "55"]
[EventDate "2016.04.25"]
[EventType "team-swiss"]
[EventRounds "7"]
[EventCountry "BLR"]
[SourceTitle "CBM 172 Extra"]
[Source "ChessBase"]
[SourceDate "2016.06.21"]
[SourceVersion "1"]
[SourceVersionDate "2016.06.21"]
[SourceQuality "1"]
[WhiteTeam "Vector"]
[BlackTeam "Gambit"]
[WhiteTeamCountry "BLR"]
[BlackTeamCountry "BLR"]

1. e4 g6 2. d4 Bg7 3. Nf3 d6 4. c3 Nd7 5. Bd3 e5 6. 0-0 Ne7 7. Re1 0-0 8. Na3 a6 9. Nc2 b5 10. a4 Rb8 11. Bf1 c5 12. axb5 axb5 13. dxc5 Nxc5 14. b4 Nb3 15. Ra3 Nxc1 16. Qxc1 Qc7 17. Qd2 Rd8 18. Ne3 Be6 19. Ng5 Bd7 20. c4 h6 21. Nf3 bxc4 22. Bxc4 Be6 23. Rc1 Qb6 24. Rb3 Qb7 25. Nd5 Bxd5 26. exd5 Rdc8 27. Rbb1 Rc7 28. Be2 1-0